2024/2025 Premier League Goalscorers: Gameweek 31 - Statistics

General Stats
  • This quiz has been taken 19 times
  • The average score is 23 of 27
Answer Stats
Fixture Club Score Goalscorer % Correct
Fulham v Liverpool Liverpool 3-2 Luis Diaz
100%
Fulham v Liverpool Liverpool 1-0 Alexis Mac Allister
94%
Fulham v Liverpool Fulham 2-1 Alex Iwobi
94%
West Ham v Bournemouth Bournemouth 1-0 Evanilson
94%
West Ham v Bournemouth Bournemouth 2-2 Evanilson
94%
Leicester v Newcastle Newcastle 1-0 Jacob Murphy
94%
Leicester v Newcastle Newcastle 2-0 Jacob Murphy
94%
Crystal Palace v Brighton Crystal Palace 1-0 Jean-Philippe Mateta
94%
Aston Villa v Nottingham Forest Aston Villa 1-0 Morgan Rogers
94%
Fulham v Liverpool Fulham 3-1 Rodrigo Muniz
94%
Tottenham v Southampton Tottenham 1-0 Brennan Johnson
88%
Tottenham v Southampton Tottenham 2-0 Brennan Johnson
88%
Everton v Arsenal Everton 1-1 Iliman Ndiaye
88%
West Ham v Bournemouth West Ham 2-1 Jarrod Bowen
88%
Everton v Arsenal Arsenal 1-0 Leandro Trossard
88%
Ipswich v Wolves Ipswich 1-0 Liam Delap
88%
Crystal Palace v Brighton Crystal Palace 2-1 Daniel Munoz
82%
Crystal Palace v Brighton Brighton 1-1 Danny Welbeck
82%
Leicester v Newcastle Newcastle 3-0 Harvey Barnes
82%
Ipswich v Wolves Wolves 2-1 Jorgen Strand Larsen
82%
Tottenham v Southampton Tottenham 3-1 Mathys Tel
82%
Aston Villa v Nottingham Forest Aston Villa 2-0 Donyell Malen
76%
Tottenham v Southampton Southampton 2-1 Matheus Fernandes
71%
West Ham v Bournemouth West Ham 1-1 Niclas Fullkrug
71%
Aston Villa v Nottingham Forest Nottingham Forest 2-1 Jota Silva
65%
Ipswich v Wolves Wolves 1-1 Pablo Sarabia
65%
Fulham v Liverpool Fulham 1-1 Ryan Sessegnon
65%
No matching quizzes found
Score Distribution
Percent of People with Each Score
Percentile by Number Answered
Your Score History
You have not taken this quiz